000 00401nam a2200169Ia 4500
008 210210b1955 xxu||||| |||| 00| 0 eng d
041 _aeng
082 _a330/312
100 _aPEACH (Nelson W)
245 _aPrinciples of economics
260 _aIllions
_bRichard D Irwin, Inc.
_c1955
650 _aPrinciples
650 _aof
650 _aeconomics
690 _aEconomics
906 _a003715
999 _c120266
_d120266